| 000 | 01012pam a2200349 a 4500 | ||
|---|---|---|---|
| 999 |
_c814 _d814 |
||
| 001 | 015478439 | ||
| 003 | Uk | ||
| 005 | 20191220102842.0 | ||
| 008 | 100126s2010 enk j 000 1 eng d | ||
| 015 |
_aGBB011480 _2bnb |
||
| 016 | 7 |
_a015478439 _2Uk |
|
| 020 | _a9780141331874 (pbk.) : | ||
| 020 | _a0141331879 (pbk.) : | ||
| 040 |
_aStDuBDS _beng _cStDuBDS _dUk |
||
| 042 | _aukblcatcopy | ||
| 082 | _aFIC MEA | ||
| 100 | 1 |
_aMead, Richelle. _eauthor |
|
| 245 | 1 | 0 |
_aSpirit bound / _cRichelle Mead. |
| 260 |
_aLondon : _bPuffin, _c2010. |
||
| 300 |
_a479 p. ; _c20 cm. |
||
| 336 |
_atext _2rdacontent |
||
| 337 |
_aunmediated _2rdamedia |
||
| 338 |
_avolume _2rdacarrier |
||
| 490 | 0 |
_aVampire Academy ; _vBook 5. |
|
| 500 |
_aFormerly CIP. _5Uk |
||
| 650 | 0 |
_aHathaway, Rose (Fictitious character) _vFiction. |
|
| 650 | 0 |
_aSt. Vladimir's Academy (Imaginary organization) _vFiction. |
|
| 650 | 0 |
_aVampires _vFiction. |
|
| 655 | 0 | _aSuspense fiction. | |
| 655 | 0 | _aYoung adult fiction. | |
| 942 |
_2ddc _cFIC |
||